00556nam a2200169Ia 4500003000500000005001700005008004100022020002300063040001400086082002000100100002700120245010500147260004900252300003700301490002600338521002200364322820251008102145.0230331s9999 xx 000 0 und d a9781107435520qpbk ardac3228 0aST 510.712 BISC aBischofberger, claudia 0aStudy & Master Study Guide Mathematical Literacy Gr 11 (CAPS)cClaudia Bischofberger, Trudi, Turner aNew York:bCambridge University Pressc2019. a180 pages,bIllustrtionsc30 cm. aStudy & Master (CAPS) aGrade 11 Students